00542nam a2200181Ii 45000010005000000030009000050080041000140400033000550410008000880820018000961000026001142450072001402640055002123000012002673360026002793370028003053380027003334382CO-ViMGA241108s9999||||xx |||||||||||||| ||und|| aCO-ViMGAbspaerdacCO-ViMGA0 aspa04a572.9861 M8281 aJorge Morales Gómez10aInvestigaciones Etnohistóricas y Arqueológicas en el aire Guane 1aBogotá, Colombia : Canal Ramírez-Antares, 1984 avolumen atextbtxt2rdacontent aunmediatedbn2rdamedia avolumebnc2rdacarrier